00221nam a2200085Ia 4500008004100000082001300041100001400054245004700068300002000115230907s9999||||xx |||||||||||||| ||und|| a6.3bLID aLi, Deyi, 0aArtificial intelligence with uncertainty / axx, 290 pages :